Writing short films : structure and content for screenwriters Linda J. Cowgill.
Enregistré dans:
| Auteur principal: | |
|---|---|
| Format: | Livre |
| Langue: | anglais |
| Publié: |
Lone Eagle Publishing
1997
|
| Tags: |
Ajouter un tag
Pas de tags, Soyez le premier à ajouter un tag!
|
MARC
| LEADER | 00000nam a22000007a 4500 | ||
|---|---|---|---|
| 008 | 211117b ||||| |||| 00| 0 eng d | ||
| 020 | |a 0943728800 | ||
| 100 | |a Cowgill, Linda J., 1955- | ||
| 245 | |a Writing short films : structure and content for screenwriters |b Linda J. Cowgill. |g xiv, 256 p. | ||
| 260 | |b Lone Eagle Publishing |c 1997 |h Los Angeles, California |i 670135 |l PN1996 .C83 |m Motion pictures authorship |m Short Films | ||
| 500 | |a It includes index | ||
| 942 | |a lcc |c BK |e Adeyeye Y. S. |f 17/11/21 | ||
| 952 | |0 0 |1 0 |2 lcc |4 0 |6 PN1996 C83 |7 0 |9 3886 |a HOL |b HOL |c LP |d 2021-11-17 |l 0 |o PN 1996 .C83 |p 2021-67611 |r 2021-11-17 00:00:00 |w 2021-11-17 |y BK | ||
| 999 | |c 1937 |d 1937 | ||